00566 2200217 4500001002100000005001500021008004100036020002300077035001900100041000700119082001100126090001700137100001900154700003100173700002700204245002800231250001100259260003100270300002600301650002100327INLIS00000000002532820241224131915241224||||||||| | ||| |||| || |  a978-6232-206-035-7 0010-1224025328 aid0 a741. 5 a741. 5 YOV t0 aYovita Siswati0 apenyunting: DhitaKurniawan0 ailustrator: Alvin Adhi00aTeruslah berkokok Ruru! acet. 1 aSolobTiga Serangkaic2019 a32 hlm.:ilus.; 32 cm. 0acerita bergambar